Peribadi / (Record no. 1129)

000 -LEADER
fixed length control field nam a22 a 4500
003 - CONTROL NUMBER IDENTIFIER
control field AKMAL
005 - DATE AND TIME OF LATEST TRANSACTION
control field 20170508142052.0
008 - FIXED-LENGTH DATA ELEMENTS--GENERAL INFORMATION
fixed length control field 170508s2007 my | e | 000 0 may d
020 ## - INTERNATIONAL STANDARD BOOK NUMBER
International Standard Book Number 9789833707089 (kkt.) :
Terms of availability RM16.50
039 #9 - LEVEL OF BIBLIOGRAPHIC CONTROL AND CODING DETAIL [OBSOLETE]
Level of rules in bibliographic description 201012161139
Level of effort used to assign nonsubject heading access points shuhada
Level of effort used to assign subject headings 201004091112
Level of effort used to assign classification suzila
Level of effort used to assign subject headings 200808011042
Level of effort used to assign classification praba
Level of effort used to assign subject headings 200807011140
Level of effort used to assign classification daniel
040 ## - CATALOGING SOURCE
Original cataloging agency AKMAL
Transcribing agency AKMAL
049 ## - LOCAL HOLDINGS (OCLC)
Holding library klpmal
082 04 - DEWEY DECIMAL CLASSIFICATION NUMBER
Classification number 297.44 HAM
Edition number 22
090 00 - LOCALLY ASSIGNED LC-TYPE CALL NUMBER (OCLC); LOCAL CALL NUMBER (RLIN)
Classification number (OCLC) (R) ; Classification number, CALL (RLIN) (NR) 297.44
Local cutter number (OCLC) ; Book number/undivided call number, CALL (RLIN) HAM
090 20 - LOCALLY ASSIGNED LC-TYPE CALL NUMBER (OCLC); LOCAL CALL NUMBER (RLIN)
Classification number (OCLC) (R) ; Classification number, CALL (RLIN) (NR) 297.44
Local cutter number (OCLC) ; Book number/undivided call number, CALL (RLIN) HAM
100 0# - MAIN ENTRY--PERSONAL NAME
Personal name Hamka,
Dates associated with a name 1908-1981
9 (RLIN) 1638
245 10 - TITLE STATEMENT
Title Peribadi /
Statement of responsibility, etc. Hamka
260 ## - PUBLICATION, DISTRIBUTION, ETC.
Place of publication, distribution, etc. Shah Alam :
Name of publisher, distributor, etc. Pustaka Dini,
Date of publication, distribution, etc. 2007
300 ## - PHYSICAL DESCRIPTION
Extent iii, 203ms. ;
Dimensions 20cm.
650 10 - SUBJECT ADDED ENTRY--TOPICAL TERM
Topical term or geographic name entry element Islamic ethics
9 (RLIN) 1621
650 20 - SUBJECT ADDED ENTRY--TOPICAL TERM
Topical term or geographic name entry element Religious life
General subdivision Islam
9 (RLIN) 819
942 ## - ADDED ENTRY ELEMENTS (KOHA)
Source of classification or shelving scheme
Koha item type Book
Holdings
Withdrawn status Lost status Source of classification or shelving scheme Damaged status Not for loan Collection code Home library Current library Date acquired Inventory number Total Checkouts Full call number Barcode Date last seen Price effective from Koha item type
          NON-FICTION AKMAL Melaka AKMAL Melaka 08.05.2017 200945   297.44 HAM 201702227 08.05.2017 08.05.2017 Book
Pusat Sumber Maklumat Dato' Haji Sarmin Md Hussin, Akademi Kastam Diraja Malaysia, Melaka
Tel: 06-2331106 | Faks: 06-2313787